<?xml version="1.0" encoding="UTF-8"?>
<record
    xmlns:xsi="http://www.w3.org/2001/XMLSchema-instance"
    xsi:schemaLocation="http://www.loc.gov/MARC21/slim http://www.loc.gov/standards/marcxml/schema/MARC21slim.xsd"
    xmlns="http://www.loc.gov/MARC21/slim">

  <leader>01228nam a2200229Ia 4500</leader>
  <controlfield tag="003">OSt</controlfield>
  <controlfield tag="005">20210608131819.0</controlfield>
  <controlfield tag="008">210310s2015    ck ad  gr     000 0 spa d</controlfield>
  <datafield tag="040" ind1=" " ind2=" ">
    <subfield code="a">CO-JMCR</subfield>
    <subfield code="c">CO-JMCR</subfield>
  </datafield>
  <datafield tag="041" ind1="0" ind2=" ">
    <subfield code="a">spa</subfield>
  </datafield>
  <datafield tag="082" ind1="0" ind2="4">
    <subfield code="a">330.98 / </subfield>
    <subfield code="b">B153l</subfield>
    <subfield code="2">23</subfield>
  </datafield>
  <datafield tag="110" ind1="2" ind2=" ">
    <subfield code="a">Banco Interamericano de Desarrollo</subfield>
    <subfield code="9">6750</subfield>
  </datafield>
  <datafield tag="245" ind1="1" ind2="0">
    <subfield code="a">El laberinto como America Latina y el Caribe puede navegar la economia global</subfield>
    <subfield code="c">Banco Interamericano de Desarrollo ; coordinador, Andrew Powell</subfield>
  </datafield>
  <datafield tag="260" ind1=" " ind2=" ">
    <subfield code="a">[Colombia] : </subfield>
    <subfield code="b">BID, </subfield>
    <subfield code="c">2015.</subfield>
  </datafield>
  <datafield tag="300" ind1=" " ind2=" ">
    <subfield code="a">103 p&#xE1;ginas : </subfield>
    <subfield code="b">ilustraciones y gr&#xE1;ficas a color ; </subfield>
    <subfield code="c">24 cm.</subfield>
  </datafield>
  <datafield tag="505" ind1="0" ind2=" ">
    <subfield code="a">Visi&#xF3;n general.-- Los riesgos para la econom&#xED;a global y las consecuencias para Am&#xE9;rica Latina y el Caribe. -- Los precios de as materias primas. -- Pol&#xED;ticas monetarias divergentes en Estados Unidos y Europa. -- La evoluci&#xF3;n monetaria y financiera. -- Posiciones fiscales y alternativas pol&#xED;tica. -- Los retos macroecon&#xF3;micos de las pol&#xED;ticas sociales. -- Conclusi&#xF3;n y recomendaciones para las pol&#xED;ticas. </subfield>
  </datafield>
  <datafield tag="650" ind1="1" ind2="4">
    <subfield code="a">Informe macroecon&#xF3;mico </subfield>
    <subfield code="9">38191</subfield>
  </datafield>
  <datafield tag="650" ind1="2" ind2="4">
    <subfield code="a">Riesgos econ&#xF3;micos </subfield>
    <subfield code="9">38192</subfield>
  </datafield>
  <datafield tag="650" ind1="2" ind2="4">
    <subfield code="a">Retos macroecon&#xF3;micos </subfield>
    <subfield code="9">38193</subfield>
  </datafield>
  <datafield tag="700" ind1="1" ind2=" ">
    <subfield code="a">Powell, Andrew </subfield>
    <subfield code="e">Coordinador</subfield>
    <subfield code="9">36042</subfield>
  </datafield>
  <datafield tag="942" ind1=" " ind2=" ">
    <subfield code="2">ddc</subfield>
    <subfield code="c">BK</subfield>
  </datafield>
  <datafield tag="999" ind1=" " ind2=" ">
    <subfield code="c">11691</subfield>
    <subfield code="d">11691</subfield>
  </datafield>
  <datafield tag="952" ind1=" " ind2=" ">
    <subfield code="0">0</subfield>
    <subfield code="1">0</subfield>
    <subfield code="2">ddc</subfield>
    <subfield code="4">0</subfield>
    <subfield code="7">0</subfield>
    <subfield code="a">CPL</subfield>
    <subfield code="b">CPL</subfield>
    <subfield code="c">GEN</subfield>
    <subfield code="d">2018-04-15</subfield>
    <subfield code="e">Donaci&#xF3;n</subfield>
    <subfield code="o">330.98 / B153l</subfield>
    <subfield code="p">430002138</subfield>
    <subfield code="r">2024-05-16 00:00:00</subfield>
    <subfield code="t">Ej.1</subfield>
    <subfield code="w">2021-03-10</subfield>
    <subfield code="y">BK</subfield>
  </datafield>
</record>
